Events management : (Record no. 17099)
[ view plain ]
| 000 -LEADER | |
|---|---|
| fixed length control field | 00849cam a22002898a 4500 |
| 001 - CONTROL NUMBER | |
| control field | 17024481 |
| 003 - CONTROL NUMBER IDENTIFIER | |
| control field | SISC |
| 005 - DATE AND TIME OF LATEST TRANSACTION | |
| control field | 20160819125137.0 |
| 008 - FIXED-LENGTH DATA ELEMENTS--GENERAL INFORMATION | |
| fixed length control field | 111028s2012 nyu 000 0 eng |
| 010 ## - LIBRARY OF CONGRESS CONTROL NUMBER | |
| LC control number | 2011043776 |
| 020 ## - INTERNATIONAL STANDARD BOOK NUMBER | |
| International Standard Book Number | 9780415577427 |
| 040 ## - CATALOGING SOURCE | |
| Original cataloging agency | DLC |
| Transcribing agency | DLC |
| 050 00 - LIBRARY OF CONGRESS CALL NUMBER | |
| Classification number | GT 3405 |
| Item number | .B63 2012 |
| 082 00 - DEWEY DECIMAL CLASSIFICATION NUMBER | |
| Classification number | 394.2068 |
| 100 1# - MAIN ENTRY--PERSONAL NAME | |
| Personal name | Bladen, Charles. |
| 245 10 - TITLE STATEMENT | |
| Title | Events management : |
| Remainder of title | an introduction / |
| Statement of responsibility, etc | Charles Bladen...[et.al.]. |
| 250 ## - EDITION STATEMENT | |
| Edition statement | 1st edition. |
| 260 ## - PUBLICATION, DISTRIBUTION, ETC. (IMPRINT) | |
| Place of publication, distribution, etc | New York : |
| Name of publisher, distributor, etc | Routledge, |
| Date of publication, distribution, etc | 2012. |
| 263 ## - PROJECTED PUBLICATION DATE | |
| Projected publication date | 1202 |
| 300 ## - PHYSICAL DESCRIPTION | |
| Extent | 444 pages : |
| Other physical details | ill. ; |
| Dimensions | 24 cm. |
| 500 ## - GENERAL NOTE | |
| General note | Includes bibliographical references and index. |
| 650 #0 - SUBJECT ADDED ENTRY--TOPICAL TERM | |
| Topical term or geographic name as entry element | Special events |
| General subdivision | Management. |
| 906 ## - LOCAL DATA ELEMENT F, LDF (RLIN) | |
| a | 7 |
| b | cbc |
| c | orignew |
| d | 1 |
| e | ecip |
| f | 20 |
| g | y-gencatlg |
| 942 ## - ADDED ENTRY ELEMENTS (KOHA) | |
| Source of classification or shelving scheme | Library of Congress Classification |
| Koha item type | Books |
| Call number prefix | Foreign |
| Withdrawn status | Lost status | Source of classification or shelving scheme | Damaged status | Home library | Current library | Shelving location | Date acquired | Total Checkouts | Full call number | Barcode | Date last seen | Copy number | Price effective from | Koha item type |
|---|---|---|---|---|---|---|---|---|---|---|---|---|---|---|
| Library of Congress Classification | College Library | College Library | Reserve Section | 10/04/2012 | GT 3405 .B63 2012 | C16245 | 05/15/2018 | 1 | 03/10/2014 | Books |